[Event "2BLO 1718 SC Garching - Bindlach-Aktion"]
[Site "?"]
[Date "2018.02.24"]
[Round "9.2"]
[White "Renner, Christoph"]
[Black "Kriebel, Tadeas"]
[Result "0-1"]
[WhiteElo "2343"]
[BlackElo "2513"]
[PlyCount "92"]
[EventDate "2018.??.??"]

1. c4 e6 2. Nc3 d5 3. d4 a6 4. cxd5 exd5 5. Bf4 Nf6 6. e3 Bd6 7. Bg5 Be6 8. Bd3
Nbd7 9. Nf3 c6 10. Qc2 Qc7 11. h3 h6 12. Bxf6 Nxf6 13. O-O O-O 14. Na4 Rae8 15.
Nc5 Bc8 16. Rac1 Qe7 17. Nd2 g6 18. b4 Nh5 19. Rfe1 f5 20. a4 Qf6 21. Be2 Ng7
22. Nf3 f4 23. e4 Bxc5 24. e5 Qf7 25. Qxc5 g5 26. b5 axb5 27. axb5 Ne6 28. Qb6
Bd7 29. Nh2 h5 30. Ra1 Kh8 31. Ra7 f3 32. Bxf3 g4 33. hxg4 hxg4 34. Qxb7 Re7
35. Nxg4 Nxd4 36. Re3 Nxb5 37. e6 Qh7 38. Ra8 Be8 39. Rxe8 Rfxe8 40. Qxc6 Qb1+
41. Kh2 Nd4 42. Qxd5 Rh7+ 43. Kg3 Nf5+ 44. Kf4 Rf8 45. Qe5+ Ng7+ 46. Kg3 Qh1
0-1

[Event "2BLO 1718 SC Garching - Bindlach-Aktion"]
[Site "?"]
[Date "2018.02.24"]
[Round "9.3"]
[White "Neuman, Petr"]
[Black "Rusche, Johannes"]
[Result "1-0"]
[WhiteElo "2440"]
[BlackElo "2285"]
[PlyCount "87"]
[EventDate "2018.??.??"]

1. Nf3 Nf6 2. g3 b6 3. Bg2 Bb7 4. O-O g6 5. d4 Bg7 6. c4 O-O 7. Re1 d6 8. d5 e5
9. e4 Nbd7 10. Nc3 Nh5 11. Rb1 a5 12. a3 Ba6 13. Bf1 h6 14. b4 axb4 15. axb4
Nhf6 16. Ra1 Qe7 17. Bd2 Rfb8 18. Qc2 Bb7 19. Nb5 c5 20. dxc6 Bxc6 21. Nc3 Rc8
22. Qd3 Bb7 23. Nd5 Nxd5 24. cxd5 f5 25. Rxa8 Rxa8 26. exf5 gxf5 27. Nh4 f4 28.
Bxf4 Qf7 29. Be3 Bxd5 30. Rd1 Bb3 31. Bg2 Rf8 32. Qxd6 Nf6 33. Rc1 e4 34. Nf5
Ng4 35. Ne7+ Kh8 36. Ng6+ Kg8 37. Nxf8 Bxf8 38. Rc8 Nxe3 39. fxe3 Qg7 40. h4
Bf7 41. Kh2 Bh5 42. Bxe4 Qb2+ 43. Bg2 Qf2 44. Qf4 1-0

[Event "2BLO 1718 SC Garching - Bindlach-Aktion"]
[Site "?"]
[Date "2018.02.24"]
[Round "9.4"]
[White "Bredl, Harald"]
[Black "Wall, Gavin"]
[Result "1/2-1/2"]
[WhiteElo "2307"]
[BlackElo "2337"]
[PlyCount "78"]
[EventDate "2018.??.??"]

1. d4 f5 2. Nc3 d5 3. Bf4 c6 4. e3 Nf6 5. Bd3 e6 6. Nf3 Be7 7. O-O O-O 8. Ne2
Ne4 9. c4 Nd7 10. Ne5 Nxe5 11. Bxe5 Bf6 12. b4 Bxe5 13. dxe5 a5 14. cxd5 Qxd5
15. f3 Ng5 16. f4 Ne4 17. bxa5 Rxa5 18. Qc2 Rc5 19. Bxe4 Rxc2 20. Bxd5 Rxe2 21.
Bf3 Rxe3 22. Rad1 g5 23. g3 g4 24. Bg2 Re2 25. Rf2 Rxf2 26. Kxf2 Kf7 27. h3
gxh3 28. Bxh3 Ke7 29. Rh1 Rd8 30. Ke3 Rg8 31. Kf2 Bd7 32. Bf1 Rg7 33. Be2 Kd8
34. a4 Kc7 35. a5 Bc8 36. Bc4 b5 37. axb6+ Kxb6 38. Rc1 Ra7 39. Kg2 c5 1/2-1/2

[Event "2BLO 1718 SC Garching - Bindlach-Aktion"]
[Site "?"]
[Date "2018.02.24"]
[Round "9.5"]
[White "Paehtz, Thomas"]
[Black "Koepke, Christian"]
[Result "1/2-1/2"]
[WhiteElo "2352"]
[BlackElo "2327"]
[PlyCount "89"]
[EventDate "2018.??.??"]

1. d4 Nf6 2. Nf3 g6 3. g3 Bg7 4. Bg2 O-O 5. O-O d6 6. c4 Nc6 7. Nc3 a6 8. b3
Rb8 9. Bb2 b5 10. cxb5 axb5 11. Rc1 b4 12. Na4 Na5 13. Qc2 c6 14. e4 Ba6 15.
Rfe1 Bb5 16. Ba1 Bxa4 17. bxa4 Qb6 18. Nd2 Nd7 19. e5 d5 20. Nb3 e6 21. f4 Rfc8
22. Qf2 Nc4 23. Bf1 Ra8 24. Bxc4 dxc4 25. Rxc4 Rxa4 26. Rec1 Qa6 27. R4c2 Qb5
28. d5 exd5 29. Bd4 Nf8 30. Nc5 Ra3 31. f5 Re8 32. Rf1 gxf5 33. Qxf5 Re7 34.
Qg4 Ne6 35. Nxe6 fxe6 36. Bc5 Re8 37. Rf8+ Rxf8 38. Qxe6+ Rf7 39. Rf2 Qxc5 40.
Qxf7+ Kh8 41. Qe8+ Bf8 42. Kg2 Kg8 43. Qf7+ Kh8 44. Qf6+ Kg8 45. Qf7+ 1/2-1/2

[Event "2BLO 1718 SC Garching - Bindlach-Aktion"]
[Site "?"]
[Date "2018.02.24"]
[Round "9.6"]
[White "Hess, Max"]
[Black "Krensing, Jan"]
[Result "0-1"]
[WhiteElo "2340"]
[BlackElo "2332"]
[PlyCount "80"]
[EventDate "2018.??.??"]

1. e4 c5 2. Nf3 Nc6 3. Bb5 g6 4. Bxc6 bxc6 5. O-O Bg7 6. Re1 Nh6 7. c3 O-O 8.
h3 f6 9. d4 Qb6 10. b3 d6 11. Ba3 cxd4 12. cxd4 a5 13. Nc3 Nf7 14. Qc2 Bd7 15.
Rad1 Qb7 16. Qd2 Ra7 17. Na4 Qb5 18. Bb2 Bh6 19. Qc3 Qb4 20. e5 Qxc3 21. Nxc3
Bf5 22. exf6 exf6 23. d5 c5 24. Re2 Ne5 25. Ne1 Bd7 26. Ne4 Ra6 27. Kh2 Bb5 28.
Rc2 a4 29. g3 Bg7 30. f4 Nd7 31. Nf3 Re8 32. Nc3 axb3 33. axb3 Rb8 34. Re1 Bd3
35. Rd2 Rxb3 36. Re7 Nb6 37. Rb7 Ra8 38. Nd1 Ba6 39. Rxg7+ Kxg7 40. Bc3 Re8 0-1

[Event "2BLO 1718 SC Garching - Bindlach-Aktion"]
[Site "?"]
[Date "2018.02.24"]
[Round "9.7"]
[White "Loew, Gerald"]
[Black "Pitschka, Claus"]
[Result "1/2-1/2"]
[WhiteElo "2192"]
[BlackElo "2259"]
[PlyCount "29"]
[EventDate "2018.??.??"]

1. c4 c6 2. g3 d5 3. Nf3 Bg4 4. Bg2 e6 5. Qc2 Nd7 6. d3 dxc4 7. dxc4 Ngf6 8.
Nc3 Bxf3 9. exf3 Ne5 10. b3 Nd3+ 11. Ke2 Nxc1+ 12. Raxc1 Qa5 13. Rhd1 Ba3 14.
Rb1 O-O 15. Rd3 1/2-1/2

[Event "2BLO 1718 SC Garching - Bindlach-Aktion"]
[Site "?"]
[Date "2018.02.24"]
[Round "9.8"]
[White "Schoellmann, Jochen"]
[Black "Delitzsch, Juergen"]
[Result "1-0"]
[WhiteElo "2221"]
[BlackElo "2204"]
[PlyCount "59"]
[EventDate "2018.??.??"]

1. d4 Nf6 2. c4 g6 3. Nc3 Bg7 4. e4 d6 5. h3 O-O 6. Be3 c5 7. d5 e6 8. Nf3 exd5
9. exd5 Re8 10. Bd3 Na6 11. O-O Nc7 12. a4 b6 13. Qd2 a6 14. Bg5 Qd7 15. Nh2
Bb7 16. Bxf6 Bxf6 17. Ne4 Bg7 18. Qf4 Red8 19. Ng4 Ne8 20. Nef6+ Nxf6 21. Nxf6+
Bxf6 22. Qxf6 Re8 23. Rfe1 Qc7 24. h4 Re5 25. Rxe5 dxe5 26. h5 gxh5 27. Ra3 Qd8
28. Bxh7+ Kxh7 29. Qxf7+ Kh6 30. Rg3 1-0

[Event "2BLO 1718 SC Forchheim - Erfurter SK"]
[Site "?"]
[Date "2018.02.24"]
[Round "9.1"]
[White "Braeuer, Franz"]
[Black "Jansa, Vlastimil"]
[Result "1-0"]
[WhiteElo "2407"]
[BlackElo "2445"]
[PlyCount "69"]
[EventDate "2018.??.??"]

1. Nf3 g6 2. e4 Bg7 3. d4 d6 4. Bc4 Nf6 5. Qe2 O-O 6. e5 Ne8 7. Nc3 Bg4 8. Bg5
Nc6 9. O-O-O Qc8 10. Nd5 Qd7 11. Rhe1 h6 12. Bh4 g5 13. Bg3 e6 14. Ne3 Bxf3 15.
Qxf3 d5 16. Bb5 f5 17. exf6 Nxf6 18. Qe2 Ne4 19. f3 Nxg3 20. hxg3 Rae8 21. Ng4
Qd6 22. Bxc6 bxc6 23. Qd3 Rf5 24. Rh1 Qxg3 25. Nxh6+ Bxh6 26. Rxh6 Qxg2 27.
Rxe6 Rxe6 28. Qxf5 Re7 29. Qg6+ Rg7 30. Qe8+ Kh7 31. Qh5+ Kg8 32. Re1 Re7 33.
Qg6+ Kh8 34. Rxe7 Qf1+ 35. Kd2 1-0

[Event "2BLO 1718 SC Forchheim - Erfurter SK"]
[Site "?"]
[Date "2018.02.24"]
[Round "9.2"]
[White "Jirovsky, Milos"]
[Black "Votava, Jan"]
[Result "1-0"]
[WhiteElo "2455"]
[BlackElo "2528"]
[PlyCount "95"]
[EventDate "2018.??.??"]

1. d4 Nf6 2. Nf3 d5 3. c4 e6 4. Nc3 Bb4 5. Bg5 h6 6. Bxf6 Qxf6 7. Qa4+ Nc6 8.
cxd5 exd5 9. e3 O-O 10. Rc1 Qg6 11. Qd1 Rd8 12. a3 Bf8 13. g3 Bg4 14. h3 Bxf3
15. Qxf3 Ne7 16. h4 c5 17. dxc5 d4 18. Ne4 dxe3 19. Bc4 Qf5 20. Qxf5 Nxf5 21.
g4 exf2+ 22. Kxf2 Nd4 23. g5 Nc6 24. gxh6 gxh6 25. Rcd1 Ne5 26. Bd5 Rab8 27. b4
Be7 28. Ke2 Rd7 29. Ng3 Re8 30. Be4 Rxd1 31. Kxd1 b6 32. c6 Nc4 33. Nf5 Bf8 34.
Bd5 Nxa3 35. Rg1+ Kh8 36. Bxf7 Rd8+ 37. Ke2 Nb5 38. Bc4 Nc7 39. b5 Kh7 40. h5
Re8+ 41. Kf3 Re5 42. Kf4 Rc5 43. Bg8+ Kh8 44. Bf7 Nd5+ 45. Bxd5 Rxd5 46. Rc1
Rd8 47. c7 Rc8 48. Rc6 1-0

[Event "2BLO 1718 SC Forchheim - Erfurter SK"]
[Site "?"]
[Date "2018.02.24"]
[Round "9.3"]
[White "Haba, Petr"]
[Black "Rupprecht, Andreas"]
[Result "1-0"]
[WhiteElo "2443"]
[BlackElo "2399"]
[PlyCount "67"]
[EventDate "2018.??.??"]

1. d4 Nf6 2. c4 g6 3. Nc3 Bg7 4. e4 O-O 5. f3 Nc6 6. Nge2 e5 7. Be3 b6 8. d5
Na5 9. b3 c6 10. Ng3 cxd5 11. cxd5 Nb7 12. Be2 h5 13. Bg5 Qe7 14. Qd2 a6 15.
Rc1 Qd6 16. O-O b5 17. Nh1 Nh7 18. Be3 Bf6 19. Nf2 Bd8 20. Nd3 Bb6 21. b4 Bxe3+
22. Qxe3 Qe7 23. a4 Nd6 24. Qc5 Rb8 25. axb5 axb5 26. f4 exf4 27. e5 Nf5 28. d6
Qg5 29. Ne4 Qh6 30. Nxf4 Bb7 31. Bd3 Rfc8 32. Qf2 Qg7 33. Rxc8+ Bxc8 34. Qa7
1-0

[Event "2BLO 1718 SC Forchheim - Erfurter SK"]
[Site "?"]
[Date "2018.02.24"]
[Round "9.4"]
[White "Heidrich, Manfred"]
[Black "Enders, Peter"]
[Result "0-1"]
[WhiteElo "2358"]
[BlackElo "2434"]
[PlyCount "138"]
[EventDate "2018.??.??"]

1. e4 c5 2. c3 d5 3. exd5 Qxd5 4. d4 e6 5. Nf3 cxd4 6. cxd4 Nf6 7. Nc3 Qa5 8.
Bd3 Be7 9. O-O O-O 10. Bg5 Nc6 11. Qd2 Rd8 12. Qe3 h6 13. Bf4 Nb4 14. a3 Nxd3
15. Qxd3 Qa6 16. Qxa6 bxa6 17. Rfd1 Bb7 18. Ne5 Rac8 19. Rac1 Kf8 20. Be3 Ke8
21. f3 Ba8 22. Na4 Nd5 23. Rxc8 Rxc8 24. Rc1 Rd8 25. Bd2 Nb6 26. Nxb6 axb6 27.
Nc6 Bxc6 28. Rxc6 Rxd4 29. Be3 Rd1+ 30. Kf2 Bd8 31. Rc8 Rb1 32. b4 Rb2+ 33. Kf1
Kd7 34. Rb8 Bc7 35. Rf8 Ke7 36. Rc8 Bxh2 37. Bxb6 Rb1+ 38. Ke2 Bg1 39. Bc5+
Bxc5 40. Rxc5 Rb2+ 41. Kf1 Rd2 42. Rc6 Rd6 43. Rc7+ Kf6 44. Ke2 h5 45. f4 h4
46. Ke3 Kg6 47. Rc5 f6 48. a4 Rd1 49. Ra5 Rb1 50. Rxa6 Rb3+ 51. Ke2 Rxb4 52.
Kf3 Kf5 53. Ra5+ e5 54. fxe5 fxe5 55. Ra8 e4+ 56. Ke3 g5 57. a5 Rb3+ 58. Ke2
Rb2+ 59. Kf1 Kf4 60. a6 Ke3 61. Kg1 Ra2 62. a7 g4 63. Rg8 Rxa7 64. Rxg4 Ra1+
65. Kh2 Kd3 66. Rg8 e3 67. Rd8+ Kc3 68. Rc8+ Kd2 69. Rd8+ Ke1 0-1

[Event "2BLO 1718 SC Forchheim - Erfurter SK"]
[Site "?"]
[Date "2018.02.24"]
[Round "9.5"]
[White "Troyke, Christian"]
[Black "Schulz, Lukas"]
[Result "0-1"]
[WhiteElo "2348"]
[BlackElo "2243"]
[PlyCount "82"]
[EventDate "2018.??.??"]

1. g3 e5 2. c4 Nc6 3. Bg2 h5 4. h4 Nf6 5. Nf3 Bc5 6. Nc3 a6 7. d3 d6 8. Bg5 Qd7
9. Bxf6 gxf6 10. Nd5 Qd8 11. O-O Nd4 12. Nxd4 Bxd4 13. e3 Ba7 14. d4 c6 15. Nc3
Bg4 16. Qd2 Qd7 17. b4 Kf8 18. b5 axb5 19. cxb5 d5 20. Rab1 Qe6 21. Kh2 Kg7 22.
dxe5 fxe5 23. bxc6 bxc6 24. f3 Bf5 25. e4 Bg6 26. exd5 cxd5 27. Bh3 Qa6 28.
Rbd1 Bd4 29. Nxd5 Rhb8 30. Kh1 Rb2 31. Qe1 Qc4 32. Ne3 Qxa2 33. Ng2 Qd5 34. Rd2
Raa2 35. Rxb2 Rxb2 36. Qd1 Qa2 37. f4 Rb1 38. Qf3 Be4 39. Qxe4 Rxf1+ 40. Kh2
Qf2 41. g4 Rh1+ 0-1

[Event "2BLO 1718 SC Forchheim - Erfurter SK"]
[Site "?"]
[Date "2018.02.24"]
[Round "9.6"]
[White "Doeres, Hans-Juergen"]
[Black "Heinzel, Olaf"]
[Result "1/2-1/2"]
[WhiteElo "2209"]
[BlackElo "2363"]
[PlyCount "30"]
[EventDate "2018.??.??"]

1. c4 c5 2. Nc3 Nf6 3. Nf3 d5 4. cxd5 Nxd5 5. d4 cxd4 6. Qxd4 Nxc3 7. Qxc3 Nc6
8. a3 Bf5 9. Be3 Rc8 10. Rd1 Qc7 11. g3 e5 12. Bg2 Be7 13. O-O O-O 14. Rc1 Qb8
15. Qb3 h6 1/2-1/2

[Event "2BLO 1718 SC Forchheim - Erfurter SK"]
[Site "?"]
[Date "2018.02.24"]
[Round "9.7"]
[White "Steinacker, Alex"]
[Black "Bade, Joern"]
[Result "0-1"]
[WhiteElo "2267"]
[BlackElo "2257"]
[PlyCount "84"]
[EventDate "2018.??.??"]

1. g3 d5 2. Nf3 Nf6 3. Bg2 g6 4. O-O Bg7 5. d3 O-O 6. Nbd2 c5 7. e4 dxe4 8.
dxe4 Nc6 9. Qe2 Bg4 10. Nb3 Qc8 11. c3 Ne5 12. Bf4 Nfd7 13. Nbd2 c4 14. h3 Bxf3
15. Nxf3 Nd3 16. Bg5 Re8 17. Ne1 N7c5 18. Be3 Rd8 19. Nxd3 cxd3 20. Qd2 Qc6 21.
Rfe1 Qb5 22. Bxc5 Qxc5 23. Rad1 Rd7 24. e5 e6 25. Qf4 Rad8 26. Rd2 a5 27. Re3
b5 28. a3 h5 29. g4 hxg4 30. hxg4 Qc4 31. Qg3 b4 32. axb4 axb4 33. Re4 Qc7 34.
c4 b3 35. Bf1 Qa5 36. Qe3 Bf8 37. Bxd3 Qa1+ 38. Kg2 Bb4 39. Re2 Rxd3 40. Qb6
Be7 41. c5 Rd1 42. c6 Rh1 0-1

[Event "2BLO 1718 SC Forchheim - Erfurter SK"]
[Site "?"]
[Date "2018.02.24"]
[Round "9.8"]
[White "Wagner, Robert"]
[Black "Casper, Thomas"]
[Result "1/2-1/2"]
[WhiteElo "2066"]
[BlackElo "2360"]
[PlyCount "83"]
[EventDate "2018.??.??"]

1. d4 Nf6 2. c4 d6 3. Nc3 Nbd7 4. e4 e5 5. d5 Nc5 6. Bd3 Nxd3+ 7. Qxd3 Be7 8.
Nge2 O-O 9. Ng3 Nd7 10. Be3 Nc5 11. Bxc5 dxc5 12. O-O g6 13. Rae1 Bd6 14. Nge2
Bd7 15. f4 exf4 16. Nxf4 Be5 17. Qf3 f5 18. Nce2 Qe7 19. Ng3 Rae8 20. Kh1 Qd6
21. exf5 Bxf4 22. Rxe8 Rxe8 23. Qxf4 Qxf4 24. Rxf4 Bxf5 25. Kg1 Re1+ 26. Rf1
Rxf1+ 27. Nxf1 Kf7 28. Kf2 Kf6 29. Ke3 Ke5 30. Nd2 b6 31. Nf3+ Kf6 32. Kf4 h6
33. h4 Bd3 34. b3 Bb1 35. g4 a5 36. g5+ hxg5+ 37. hxg5+ Ke7 38. Nd2 Bc2 39. Ke5
a4 40. bxa4 Bxa4 41. Ne4 Bd1 42. d6+ 1/2-1/2

[Event "2BLO 1718 SC Erlangen - SG AE Magdeburg"]
[Site "?"]
[Date "2018.02.24"]
[Round "9.1"]
[White "Degtiarev, Evgeny"]
[Black "Klek, Hanna Marie"]
[Result "1/2-1/2"]
[WhiteElo "2401"]
[BlackElo "2349"]
[PlyCount "98"]
[EventDate "2018.??.??"]

1. d4 d5 2. c4 e6 3. Nf3 Nf6 4. g3 Bb4+ 5. Bd2 Bd6 6. Nc3 O-O 7. Qc2 c5 8. cxd5
cxd4 9. Nxd4 exd5 10. Bg2 Nc6 11. Nxc6 bxc6 12. O-O Rb8 13. Rfd1 Bg4 14. Be3
Qe7 15. Bd4 Rfe8 16. Rd2 Be5 17. e3 a5 18. Rc1 Rb7 19. Na4 Bxd4 20. Rxd4 Rb4
21. Rxb4 Qxb4 22. Nc5 h6 23. h3 Bc8 24. Qb3 Qd2 25. Qc3 Qe2 26. Nd3 Bf5 27. Bf1
Qf3 28. Nf4 Ne4 29. Qe1 Ng5 30. Bg2 Be4 31. Kf1 Qxg2+ 32. Nxg2 Bd3+ 33. Qe2
Bxe2+ 34. Kxe2 Rb8 35. b3 a4 36. h4 Ne4 37. Rxc6 axb3 38. axb3 Rxb3 39. Rc8+
Kh7 40. Rc2 g5 41. g4 Nd6 42. h5 Rb4 43. f3 Nc4 44. Ne1 Rb3 45. e4 Ne3 46. Rc7
dxe4 47. Rxf7+ Kg8 48. Ra7 exf3+ 49. Kxf3 Nc2+ 1/2-1/2

[Event "2BLO 1718 SC Erlangen - SG AE Magdeburg"]
[Site "?"]
[Date "2018.02.24"]
[Round "9.2"]
[White "Wenninger, Philipp"]
[Black "Woellermann, Jan"]
[Result "1/2-1/2"]
[WhiteElo "2376"]
[BlackElo "2375"]
[PlyCount "90"]
[EventDate "2018.??.??"]

1. d4 Nf6 2. c4 e6 3. Nf3 d5 4. Nc3 Bb4 5. Qa4+ Nc6 6. e3 O-O 7. Bd2 dxc4 8.
Bxc4 Bd6 9. Nb5 Be7 10. Qc2 a6 11. Nc3 Bd6 12. Ne4 Nb4 13. Nxf6+ Qxf6 14. Qb3
Nc6 15. O-O e5 16. dxe5 Nxe5 17. Nxe5 Qxe5 18. f4 Qe7 19. Rae1 b5 20. Bd5 Be6
21. Bxe6 Qxe6 22. Qxe6 fxe6 23. Rc1 c5 24. Rfd1 Rac8 25. Kf2 Rc6 26. Rc2 e5 27.
g3 g5 28. Kf3 c4 29. a3 exf4 30. gxf4 gxf4 31. Rg1+ Kf7 32. exf4 Bc5 33. Rg5
Rd8 34. Bc3 Rd3+ 35. Ke4 Re6+ 36. Be5 Rg6 37. Rcg2 Be7 38. R5g3 Rd1 39. Kf5 Bd6
40. Rxg6 hxg6+ 41. Ke4 Be7 42. Bc3 Bf6 43. Be5 Be7 44. Bc3 Bf6 45. Be5 Be7
1/2-1/2

[Event "2BLO 1718 SC Erlangen - SG AE Magdeburg"]
[Site "?"]
[Date "2018.02.24"]
[Round "9.3"]
[White "Paul, Johannes"]
[Black "Hilverda, Alexander"]
[Result "0-1"]
[WhiteElo "2293"]
[BlackElo "2362"]
[PlyCount "110"]
[EventDate "2018.??.??"]

1. d4 d5 2. c4 e6 3. Nc3 Bb4 4. a3 Bxc3+ 5. bxc3 Nf6 6. e3 c6 7. a4 O-O 8. Nf3
b6 9. Bd3 Ba6 10. cxd5 Bxd3 11. Qxd3 cxd5 12. Ba3 Re8 13. c4 Nc6 14. O-O Na5
15. cxd5 Qxd5 16. Ne5 Rec8 17. Qa6 Nb3 18. Rad1 Rc7 19. Bb4 Ne8 20. Rd3 Nc1 21.
Rdd1 Na2 22. Bd2 f6 23. Nd3 Qc4 24. Qxc4 Rxc4 25. Ra1 Rc2 26. Rfd1 Rac8 27. Ne1
Rb2 28. Nd3 Rbc2 29. Ne1 Nc3 30. Nxc2 Nxd1 31. Na3 Nb2 32. a5 Nd6 33. axb6 axb6
34. Rb1 Ra8 35. Bb4 Ndc4 36. Nxc4 Nxc4 37. Be1 Kf7 38. Kf1 Ra2 39. h4 h5 40. g3
Ke7 41. Rc1 Ra4 42. Ke2 Kd7 43. Rc2 b5 44. Kd3 f5 45. f3 Ra3+ 46. Rc3 Ra1 47.
Bf2 Ra2 48. Rc2 Nb2+ 49. Kd2 b4 50. Rc1 Na4+ 51. Ke1 b3 52. Rb1 b2 53. Kd2 Ra1
54. Kc2 Rxb1 55. Kxb1 Nc3+ 0-1

[Event "2BLO 1718 SC Erlangen - SG AE Magdeburg"]
[Site "?"]
[Date "2018.02.24"]
[Round "9.4"]
[White "Miller, Eduard"]
[Black "Melamed, Tatjana"]
[Result "1/2-1/2"]
[WhiteElo "2334"]
[BlackElo "2356"]
[PlyCount "56"]
[EventDate "2018.??.??"]

1. Nf3 Nf6 2. g3 g6 3. Bg2 Bg7 4. O-O O-O 5. d4 d6 6. Re1 Nbd7 7. e4 e5 8. dxe5
dxe5 9. a4 Nc5 10. Qxd8 Rxd8 11. Nbd2 Na6 12. c3 Nc5 13. Nxe5 Ng4 14. Nxg4 Nd3
15. Re2 Bxg4 16. f3 Bd7 17. Nb3 Be6 18. Nd4 Nxc1 19. Rxc1 Bc4 20. Rf2 Bxd4 {
[%emt 0:00:00]} 21. cxd4 {[%emt 0:00:14]} Rxd4 {[%emt 0:00:05]} 22. Rfc2 {
[%emt 0:00:05]} Ba6 23. Rxc7 Rad8 24. b3 Rd1+ 25. Rxd1 Rxd1+ 26. Kf2 Rd2+ 27.
Kg1 Rd1+ 28. Kf2 Rd2+ 1/2-1/2

[Event "2BLO 1718 SC Erlangen - SG AE Magdeburg"]
[Site "?"]
[Date "2018.02.24"]
[Round "9.5"]
[White "Andre, Gordon"]
[Black "Ott, Florian"]
[Result "0-1"]
[WhiteElo "2307"]
[BlackElo "2315"]
[PlyCount "146"]
[EventDate "2018.??.??"]

1. d4 Nf6 2. c4 e6 3. Nf3 d5 4. Nc3 Bb4 5. Qa4+ Nc6 6. e3 O-O 7. Bd2 dxc4 8.
Bxc4 Bd6 9. Nb5 Be7 10. Qc2 a6 11. Nc3 Bd6 12. Ne4 Nxe4 13. Qxe4 Qe7 14. Bc3 f5
15. Qc2 b5 16. Be2 Nb4 17. Qd1 Bb7 18. O-O Nd5 19. a4 b4 20. Bd2 Nf6 21. Ne1
Ne4 22. f4 c5 23. Nf3 cxd4 24. exd4 Rac8 25. Be3 a5 26. Qd3 Bd5 27. Rfc1 Qb7
28. Qb5 Qxb5 29. Bxb5 Nf6 30. Ne5 Ng4 31. Nxg4 fxg4 32. Rxc8 Rxc8 33. Rc1 Rxc1+
34. Bxc1 Kf7 35. Kf2 Kf6 36. g3 Bb3 37. Be3 Bc7 38. Ke2 Ke7 39. Kd3 Kd6 40. f5
Bb6 41. Bf4+ Ke7 42. fxe6 Bxe6 43. Bc4 Bf5+ 44. Ke3 Kd7 45. Bb5+ {[%emt 0:00:
00]} Ke6 46. Bc4+ Kd7 47. Be5 g6 48. Bd3 Ke6 49. Bc4+ Kd7 50. Kf4 h6 51. Be2
Ke6 52. Bc4+ Kd7 53. b3 Bd8 54. Bb5+ Ke6 55. Bc4+ Kd7 56. Ke3 Bg5+ 57. Ke2 Bd8
58. d5 Bb6 59. Bb5+ Ke7 60. Bd3 h5 61. Bf4 Bg1 62. d6+ Kd7 63. Bb5+ Kc8 64. Kf1
Bc5 65. Bc6 Be6 66. Be5 Bxb3 67. Ke2 Be6 68. Kd3 Bg1 69. Bb5 Bxh2 70. Ke4 b3
71. Kd3 Bd7 72. Kc4 Bxg3 73. Bxg3 b2 0-1

[Event "2BLO 1718 SC Erlangen - SG AE Magdeburg"]
[Site "?"]
[Date "2018.02.24"]
[Round "9.6"]
[White "Merkert, Maximilian"]
[Black "Schoene, Maria"]
[Result "1/2-1/2"]
[WhiteElo "2243"]
[BlackElo "2222"]
[PlyCount "56"]
[EventDate "2018.??.??"]

1. c4 g6 2. g3 Bg7 3. Bg2 d6 4. Nc3 c5 5. Nf3 Nc6 6. O-O Nh6 7. d4 cxd4 8. Bxh6
Bxh6 9. Nxd4 Bd7 10. c5 dxc5 11. Nxc6 Bxc6 12. Bxc6+ bxc6 13. Qc2 O-O 14. Rfd1
Qc7 15. Ne4 Rfd8 16. Qxc5 Bg7 17. Qc2 Qb6 18. Nc3 Rxd1+ 19. Rxd1 Rd8 20. Rxd8+
Qxd8 21. Na4 Qd5 22. b3 h5 23. h4 Be5 24. e4 Qd7 25. Kg2 Bd4 26. Nc5 Qd6 27.
Nd3 Bb6 28. Nb2 Qd7 1/2-1/2

[Event "2BLO 1718 SC Erlangen - SG AE Magdeburg"]
[Site "?"]
[Date "2018.02.24"]
[Round "9.7"]
[White "Roseneck, Jonas"]
[Black "Liepold, Stefan"]
[Result "0-1"]
[WhiteElo "2240"]
[BlackElo "2152"]
[PlyCount "74"]
[EventDate "2018.??.??"]

1. e4 e6 2. d4 d5 3. Nc3 Bb4 4. e5 Ne7 5. a3 Bxc3+ 6. bxc3 b6 7. Qg4 Ng6 8. Bg5
Qd7 9. h4 h6 10. Bd2 h5 11. Qd1 Ba6 12. Bxa6 Nxa6 13. a4 Nb8 14. Ne2 Nc6 15.
Ng3 O-O-O 16. Nxh5 Rh7 17. g3 Na5 18. Nf4 Nxf4 19. Bxf4 Nc4 20. Bc1 a5 21. Kf1
Rdh8 22. Kg2 Kb7 23. Qf3 Rf8 24. Qd3 f5 25. exf6 gxf6 26. Re1 Rg8 27. Kh2 e5
28. Qf3 e4 29. Qxf6 Rf7 30. Qxf7 Qxf7 31. Bf4 Rg4 32. Rad1 Rxf4 33. gxf4 Qxf4+
34. Kg2 Qg4+ 35. Kf1 Qxh4 36. Kg2 Qg4+ 37. Kh2 Qf3 0-1

[Event "2BLO 1718 SC Erlangen - SG AE Magdeburg"]
[Site "?"]
[Date "2018.02.24"]
[Round "9.8"]
[White "Tong, Kevin"]
[Black "Biastoch, Bennet"]
[Result "1/2-1/2"]
[WhiteElo "2181"]
[BlackElo "2131"]
[PlyCount "120"]
[EventDate "2018.??.??"]

1. e4 c5 2. Nf3 d6 3. d4 cxd4 4. Nxd4 Nf6 5. Nc3 a6 6. h3 e5 7. Nde2 h5 8. g3
Be7 9. Bg2 b5 10. a4 b4 11. Nd5 Nxd5 12. Qxd5 Ra7 13. Be3 Be6 14. Qd2 Rb7 15.
O-O O-O 16. b3 Nd7 17. f4 Nf6 18. Kh2 a5 19. Bf3 Bd7 20. Qd3 Qc8 21. Bg2 Bc6
22. Rad1 Rd7 23. Qc4 Qb7 24. fxe5 dxe5 25. Bg5 Rfd8 26. Rxd7 Bxd7 27. Bxf6 Bxf6
28. Rd1 Rc8 29. Qd3 Be6 30. Qd2 Qc7 31. Rc1 Qe7 32. Rd1 Bg5 33. Qd3 Qc7 34. Qb5
Qxc2 35. Rd6 Bxb3 36. Qxe5 f6 37. Qf5 Re8 38. Nd4 Qb2 39. Nxb3 Qxb3 40. Qxa5 h4
41. Qd5+ Qxd5 42. Rxd5 hxg3+ 43. Kxg3 Rb8 44. Rb5 Rxb5 45. axb5 b3 46. Bf1 b2
47. Bd3 Be3 48. Kf3 Bb6 49. Kf4 Kf7 50. Kf5 g6+ 51. Kg4 Ke6 52. h4 Ke5 53. h5
gxh5+ 54. Kxh5 Kd4 55. Bb1 Kc4 56. Kg6 Bd8 57. b6 Bxb6 58. Kxf6 Bd4+ 59. Kf5
Kc3 60. e5 Bxe5 1/2-1/2

[Event "2BLO 1718 Nickelhütte Aue - SC Garching"]
[Site "?"]
[Date "2018.02.25"]
[Round "10.1"]
[White "Stocek, Jiri"]
[Black "Papp, Gabor"]
[Result "1/2-1/2"]
[WhiteElo "2563"]
[BlackElo "2599"]
[PlyCount "95"]
[EventDate "2018.??.??"]

1. c4 c5 2. Nf3 g6 3. d4 cxd4 4. Nxd4 Nc6 5. e4 Nf6 6. Nc3 d6 7. f3 Nxd4 8.
Qxd4 Bg7 9. Be3 O-O 10. Qd2 Be6 11. Rc1 Qa5 12. Nd5 Qxd2+ 13. Kxd2 Bxd5 14.
cxd5 Rfc8 15. Be2 a6 16. b4 Nd7 17. a4 Kf8 18. a5 Ke8 19. f4 Bb2 20. Rxc8+ Rxc8
21. Rb1 Bc3+ 22. Kd3 Bg7 23. Bd2 Rc7 24. h3 Bf6 25. g3 Bg7 26. Rh1 Kf8 27. Bf3
Ke8 28. h4 h5 29. g4 hxg4 30. Bxg4 Nf6 31. Bf3 Rc8 32. Rg1 Kf8 33. Rb1 Rc7 34.
Re1 Nd7 35. h5 gxh5 36. Bxh5 b6 37. axb6 Nxb6 38. Rc1 Rxc1 39. Bxc1 f5 40. exf5
Nxd5 41. Kc4 Nc7 42. Be3 Bh6 43. Bf3 Ke8 44. Bc6+ Kd8 45. Kb3 Bg7 46. Ka4 Bc3
47. Ka5 d5 48. Bb6 1/2-1/2

[Event "2BLO 1718 Nickelhütte Aue - SC Garching"]
[Site "?"]
[Date "2018.02.25"]
[Round "10.2"]
[White "Antal, Gergely"]
[Black "Renner, Christoph"]
[Result "1-0"]
[WhiteElo "2531"]
[BlackElo "2343"]
[PlyCount "63"]
[EventDate "2018.??.??"]

1. e4 g6 2. d4 Bg7 3. Nc3 d6 4. f4 a6 5. Nf3 b5 6. e5 Nh6 7. a4 b4 8. Ne4 O-O
9. Bd3 Nd7 10. c3 bxc3 11. bxc3 c5 12. O-O cxd4 13. cxd4 Nf5 14. Rb1 Qc7 15.
Kh1 Qa7 16. g4 Nh6 17. h3 Bb7 18. exd6 exd6 19. Nxd6 Bd5 20. g5 Nf5 21. Nxf5
gxf5 22. Bxf5 f6 23. Qd3 fxg5 24. Bxh7+ Kh8 25. Be4 Bxe4 26. Qxe4 Nf6 27. Qg6
gxf4 28. Bxf4 Qd7 29. Qg2 Nh5 30. Ne5 Bxe5 31. Bxe5+ Kh7 32. Qe4+ 1-0

[Event "2BLO 1718 Nickelhütte Aue - SC Garching"]
[Site "?"]
[Date "2018.02.25"]
[Round "10.3"]
[White "Rusche, Johannes"]
[Black "Meijers, Viesturs"]
[Result "1/2-1/2"]
[WhiteElo "2285"]
[BlackElo "2476"]
[PlyCount "84"]
[EventDate "2018.??.??"]

1. e4 c5 2. Nf3 e6 3. c3 d5 4. exd5 Qxd5 5. d4 Nf6 6. Be2 Nc6 7. O-O a6 8. Bf4
cxd4 9. Nxd4 Bd7 10. Bf3 Qc5 11. Nd2 Be7 12. Rc1 Rc8 13. b4 Qa7 14. N2b3 O-O
15. a3 Rfd8 16. Qe2 Be8 17. Rfe1 b5 18. Nxc6 Bxc6 19. Bxc6 Rxc6 20. Na5 Rcc8
21. c4 bxc4 22. Rxc4 Rxc4 23. Qxc4 Qd4 24. Qc1 Nd5 25. Be5 Qb6 26. g3 Bf6 27.
Bxf6 gxf6 28. Rd1 Kg7 29. Qc2 Rd7 30. Qe4 f5 31. Qe2 Kg8 32. Rc1 Nf6 33. Rc8+
Kg7 34. Kg2 Ne4 35. Rc6 Qd4 36. Rc2 Nd2 37. Nc6 Qd5+ 38. f3 Rc7 39. Rxd2 Qxc6
40. Qe5+ f6 41. Qd6 e5 42. Kf2 Qxd6 1/2-1/2